| 000 | 00788nam a2200253Ia 4500 | ||
|---|---|---|---|
| 003 | GCL | ||
| 008 | 140319s9999 xx 000 0 ara d | ||
| 040 |
_aGCL / _cGCL |
||
| 082 | 0 | 4 |
_a370.15 _bع م |
| 100 | 1 | _aعبداللطيف حسين فرج | |
| 245 | 1 | 0 |
_aمفاهيم اساسية لتربية الاطفال / _cعبداللطيف حسين فرج |
| 260 |
_a[S.N] : _bدار المريخ للنشر ، _c1983 |
||
| 300 | _a148 | ||
| 490 | _a | ||
| 650 | 0 | 4 | _aالتربية |
| 650 | 0 | 4 | _aالاطفال |
| 650 | 0 | 4 | _aعلم النفس التربوى |
| 650 | 0 | 4 | _aالاجتماع |
| 650 | 0 | 4 | _aالمدارس |
| 650 | 0 | 4 | _aعلم النفس الاجتماعى |
| 650 | 0 | 4 | _aالاباء والابناء |
| 650 | 0 | 4 | _aالبيت والمدرسة |
| 942 |
_2ddc _cBK |
||
| 999 |
_c55472 _d55472 |
||